000 00303nam a22001457a 4500
008 230529b ||||| |||| 00| 0 eng d
020 _a9782070377688
041 _aFRA
080 _a82
082 _a82TOU
100 _a38
101 _aGJL
245 _aPETITES PROSES
_cTOURNIER
942 _2udc
_cBK
999 _c59863
_d59863